000 00957nam a2200301Ia 4500
001 Z_3909
003 CHAP
008 220113s2001 xx 000 0 und d
010 _a166970
040 _cCHAP
090 _aTesis B 1726
100 _aBarragán González, Hortencia
_910316
245 _aDeterminación de urea en suero sanguíneo y contenido mineral en suelo, forraje y suero sanguíneo en vacas holstein en pastoreo /
_cpor Hortencia Barragán González
260 _aChapingo, Méx. :
_bEl autor,
_c2001
300 _a84 h.
502 _aTesis (Ing. Agr. Esp. en Zootecnia) -- UACH. Departamento de Zootecnia
650 _a Pastoreo
_985984
650 _aGanado Holstein
_945133
650 _aLeche
_x Producción
_965400
650 _aSuero sanguíneo
_9110588
650 _aUrea en alimentación animal
_9116890
901 _aTESIS B 1726
902 _aM
910 _a2001
942 _c2
942 _c2
999 _c166970
_d166970